Revista de derecho procesal 2013 - 2 : ejecución de resoluciones judiciales /

Guardado en:
Formato: Libro
Idioma:Spanish
Publicado: Santa Fe : Rubinzal - Culzoni, 2013.
Edición:1a. ed.
Materias:
Etiquetas: Agregar Etiqueta
Sin Etiquetas, Sea el primero en etiquetar este registro!
LEADER 00557nam a22001695a 4500
001 DER.der013923
008 190903s2013####ag#||||||||||||||#||spa||
005 20230613133704.0
245 1 0 |a Revista de derecho procesal 2013 - 2 :  |b ejecución de resoluciones judiciales /  |c Arazi, Roland. 
250 |a 1a. ed. 
260 |a Santa Fe :  |b Rubinzal - Culzoni,  |c 2013. 
300 |a 598 p. 
700 1 |a Arazi, Roland,  |e dir. 
650 7 |a EXTENSION DE CONDENA 
650 7 |a EFECTIVIDAD DE LA EJECUCION 
650 7 |a SUBASTA PUBLICA 
859 |a DERECHO  |b BIB. DERECHO  |h 347.05  |i REV  |p 009082